000
00292nam a22001337a 4500
008
170210b xxu||||| |||| 00| 0 eng d
020
_a
9780199551019
041
_a
eng
080
_2
6ED
_a
61
100
_a
4
101
_a
SHM
245
_a
EATING DISORDER
_c
SUXANNE ABRAHAM
942
_2
udc
_c
BK
999
_c
5141
_d
5141